ARRUPE JESUIT UNIVERSITY

CORONAVIRUS -STOP THE SPREAD - CLEAN,DISINFECT,COVER

Politics, patronage and the state in Zimbabwe (Record no. 122074)

MARC details
000 -LEADER
fixed length control field 00606nam a22001817a 4500
005 - DATE AND TIME OF LATEST TRANSACTION
control field 20150312174932.0
008 - FIXED-LENGTH DATA ELEMENTS--GENERAL INFORMATION
fixed length control field 150217b xxu||||| |||| 00| 0 eng d
050 ## - LIBRARY OF CONGRESS CALL NUMBER
Classification number DT2996.
Item number P769 2014
100 ## - MAIN ENTRY--PERSONAL NAME
Personal name Alexander, Jocelyn (ed.)
9 (RLIN) 15208
245 ## - TITLE STATEMENT
Title Politics, patronage and the state in Zimbabwe
Statement of responsibility, etc Alexander, Jocelyn
260 ## - PUBLICATION, DISTRIBUTION, ETC. (IMPRINT)
Place of publication, distribution, etc Harere
Name of publisher, distributor, etc Weaver Press
Date of publication, distribution, etc 2014
300 ## - PHYSICAL DESCRIPTION
Extent 239p.;
Dimensions 25cm.
651 ## - SUBJECT ADDED ENTRY--GEOGRAPHIC NAME
Geographic name Zimbabwe
Form subdivision Politics
Chronological subdivision 1980- .
9 (RLIN) 15209
651 ## - SUBJECT ADDED ENTRY--GEOGRAPHIC NAME
Geographic name Zimbabwe
Chronological subdivision History 1980- .
9 (RLIN) 15210
700 ## - ADDED ENTRY--PERSONAL NAME
Personal name Mcgrgor, JoAnn (ed.)
9 (RLIN) 15211
700 ## - ADDED ENTRY--PERSONAL NAME
Personal name Tendi, Blessing-Miles (ed.)
9 (RLIN) 15212
942 ## - ADDED ENTRY ELEMENTS (KOHA)
Source of classification or shelving scheme Library of Congress Classification
Item type Monograph ( Printed materials)
Holdings
Withdrawn status Lost status Source of classification or shelving scheme Damaged status Not for loan Collection code Home library Current library Shelving location Date acquired Total Checkouts Full call number Barcode Checked out Date last seen Date last borrowed Price effective from Koha item type
    Library of Congress Classification     Main Collection ARRUPE LIBRARY ARRUPE LIBRARY Main Collection 17/02/2015 5 DT2996. P769 2014 46500001046 08/06/2017 09/05/2017 09/05/2017 17/02/2015 Monograph ( Printed materials)

 

Arrupe Library. PO Box MP320 Mt Pleasant, Harare, Zimbabwe
263 242 745411|librarian@aju.ac.zw